Stochastic models, estimation, and control

Gespeichert in:
Bibliographische Detailangaben
1. Verfasser: Maybeck, Peter S.
Format: Buch
Sprache:Englisch
Veröffentlicht: New York Academia Press 1979
Schriftenreihe:Mathematics in science and engineering
Tags: Tag hinzufügen
Keine Tags, Fügen Sie das erste Tag hinzu!

MARC

LEADER 00000nam a2200000 4500
001 c129075
005 20041019155245.3
041 0 |a eng 
044 |a US 
245 1 0 |a Stochastic models, estimation, and control  |c Peter S. Maybeck 
264 1 |a New York  |b Academia Press  |c 1979 
300 |a 423 s. 
490 1 |a Mathematics in science and engineering 
830 0 |a Mathematics in science and engineering 
100 1 |a Maybeck, Peter S.